[Event "Elite Mind Games"]
[Site "?"]
[Date "2016.02.28"]
[Round "?"]
[White "Mamedov, Rauf"]
[Black "Wang, Yue"]
[WhiteElo "2650"]
[BlackElo "2718"]
[Result "1-0"]

1. e4 e5 2. Nc3 Nf6 3. g3 Bc5 4. Bg2 Nc6 5. h3 a5 6. Nge2 d6 7. O-O Nd4 8. d3 c6 9. Be3 Nxe2+ 10. Qxe2 Bxe3 11. Qxe3 Nd7 12. d4 Qb6 13. Rfd1 O-O 14. b3 Re8 15. Rd2 Qc7 16. a4 Nf6 17. Rad1 h6 18. Rd3 b6 19. Qd2 Ba6 20. dxe5 dxe5 21. Rd6 Kh7 22. g4 Rac8 23. g5 hxg5 24. Qxg5 Rcd8 25. Rxd8 Rxd8 26. Rxd8 Qxd8 27. Qxe5 Qd2 28. Qf5+ Kg8 29. e5 Qxc3 30. exf6 gxf6 31. Be4 Be2 32. h4 c5 33. Bd5 Kf8 34. Be4 Qe5 35. Qxe5 fxe5 36. f3 Ke7 37. Kf2 Ba6 38. h5 Kf6 39. h6 Bc8 40. c4 Bd7 41. Kg3 Bc8 42. Bc2 Bd7 43. f4 exf4+ 44. Kxf4 Bc8 45. h7 Kg7 46. Ke5 Bg4 47. Kd6 f5 48. Ke5 Kh8 49. Kf4 Kg7 50. Kg5 Kh8 51. Kf6 f4 52. Kg5 

1-0

[Event "Elite Mind Games"]
[Site "?"]
[Date "2016.02.28"]
[Round "?"]
[White "Wang, Yue"]
[Black "Ponomariov, Ruslan"]
[WhiteElo "2718"]
[BlackElo "2712"]
[Result "1/2-1/2"]

1. Nf3 Nf6 2. c4 e6 3. d4 d5 4. Nc3 c6 5. Bg5 h6 6. Bxf6 Qxf6 7. e3 g6 8. cxd5 exd5 9. Bd3 Be6 10. O-O Nd7 11. e4 dxe4 12. Bxe4 Nb6 13. d5 O-O-O 14. Nd4 Bxd5 15. Nxd5 Nxd5 16. Rc1 Bg7 17. Nxc6 bxc6 18. Bxd5 Kc7 19. Qb3 Rd6 20. Bf3 Rb8 21. Qa4 Rxb2 22. Qxa7+ Rb7 23. Qa5+ Kd7 24. Rfd1 Ke7 25. h4 Rxd1+ 26. Rxd1 Rd7 27. Qc5+ Kd8 28. Rb1 Qd6 29. Qxc6 Qxc6 30. Bxc6 Rd2 31. a4 Bd4 32. Rf1 Ke7 33. g3 Rc2 34. Bb5 Ra2 35. Kg2 f5 36. Kf3 Kf6 37. Kg2 g5 38. hxg5+ hxg5 39. Bc4 Rxa4 40. Rc1 g4 41. Rc2 Kg5 42. Bd3 Rb4 43. Rc4 Rxc4 44. Bxc4 f4 45. gxf4+ Kxf4 46. Be2 Bc5 

1/2-1/2

[Event "Elite Mind Games"]
[Site "?"]
[Date "2016.02.28"]
[Round "?"]
[White "Movsesian, Sergei"]
[Black "Wang, Yue"]
[WhiteElo "2653"]
[BlackElo "2718"]
[Result "1/2-1/2"]

1. e4 e5 2. Nf3 Nf6 3. d3 Nc6 4. Be2 g6 5. O-O Bg7 6. c3 O-O 7. b4 a6 8. Nbd2 Re8 9. Bb2 d5 10. a4 Bg4 11. b5 Na5 12. h3 Bxf3 13. Bxf3 dxe4 14. dxe4 Bh6 15. Bc1 Qd7 16. Qe2 Red8 17. Nc4 Bxc1 18. Nxa5 axb5 19. Nxb7 Rdb8 20. Nc5 Qe7 21. Nb3 Bh6 22. axb5 Ra3 23. Rxa3 Qxa3 24. Qc4 Bf8 25. g3 Nd7 26. Rd1 Nc5 27. Nxc5 Qxc5 28. Be2 Ra8 29. Rd7 Be7 30. Qxc5 Bxc5 31. Rxc7 Bb6 32. Rb7 Bc5 33. Bc4 Ra3 34. Bxf7+ Kh8 35. Bd5 Rxc3 36. g4 g5 37. Rf7 Rc1+ 38. Kg2 Rb1 39. Bc4 Rb4 40. Bd3 Rb3 41. Bf1 Bd4 42. Rf5 h6 43. h4 gxh4 44. Rh5 Kg7 45. Rxh4 Rb2 46. Rh1 Rxf2+ 47. Kg3 Rb2 48. Bc4 Rb4 49. Rc1 Kf6 50. Rc2 Rb1 51. Rh2 Kg5 52. Rh5+ Kg6 53. Kf3 Rb4 54. Bd3 Rb3 55. Ke2 Rb2+ 56. Kf3 Rb3 57. Ke2 Rb2+ 58. Kf3 Rf2+ 59. Kg3 Rb2 60. Rf5 Rb3 61. Rf3 Kg5 62. Bc4 Rxf3+ 63. Kxf3 Bb6 64. Be6 Kf6 65. Bf5 Ke7 66. Kg3 Kf6 67. Kf3 Ke7 68. Ke2 Kd6 69. Kd3 Kc7 70. Kc4 Kd6 71. Bc8 Be3 72. Bb7 Bb6 73. Bd5 Be3 74. Bb7 

1/2-1/2

[Event "Elite Mind Games"]
[Site "?"]
[Date "2016.02.28"]
[Round "?"]
[White "Wang, Yue"]
[Black "Wojtaszek, Radoslaw"]
[WhiteElo "2718"]
[BlackElo "2727"]
[Result "1/2-1/2"]

1. Nf3 d5 2. d4 Nf6 3. c4 e6 4. Nc3 Bb4 5. cxd5 exd5 6. Bg5 h6 7. Bh4 Bf5 8. e3 Nbd7 9. Qb3 Ba5 10. Be2 c6 11. O-O Qb6 12. Nd2 O-O 13. Rfc1 Rfe8 14. a3 Qxb3 15. Nxb3 Bc7 16. Na4 Bd6 17. Nac5 Nxc5 18. Nxc5 Bxc5 19. Rxc5 Ne4 20. Rcc1 a5 21. f3 Nd2 22. Rc3 a4 23. Kf2 Re6 24. Rd1 Nb3 25. g4 Bg6 26. Bg3 Na5 27. h4 b5 28. h5 Bh7 29. Rc5 Nb3 30. Rc3 Na5 31. Rc5 Nc4 32. Bxc4 bxc4 33. Rd2 Bd3 34. Bf4 Ra6 35. Bc7 Ra7 36. Bf4 f6 37. Kg3 Ra6 38. Kf2 Re7 39. Kg3 Kf7 40. Kf2 Rb6 41. Kg3 Reb7 42. e4 dxe4 43. fxe4 Bxe4 44. Rxc4 Rb3+ 45. Rc3 Rxc3+ 46. bxc3 Rb3 47. Re2 Rxc3+ 48. Re3 Rxe3+ 49. Bxe3 Ke6 50. Bd2 Kd5 51. Bb4 Kxd4 52. Bf8 g6 53. Bxh6 gxh5 54. gxh5 c5 55. Kf2 c4 56. Ke1 Bf3 57. Bg7 Bxh5 58. Kd2 Ke5 59. Kc3 Be2 60. Kb4 Ke6 61. Kxa4 f5 62. Kb4 Kd5 63. a4 f4 64. Kc3 f3 65. Bd4 Kc6 66. Kb4 Kd5 67. Kc3 Kc6 68. Kb4 Kd5 

1/2-1/2

[Event "Elite Mind Games"]
[Site "?"]
[Date "2016.02.28"]
[Round "?"]
[White "Wang, Yue"]
[Black "Fressinet, Laurent"]
[WhiteElo "2718"]
[BlackElo "2700"]
[Result "0-1"]

1. Nf3 Nf6 2. c4 g6 3. Nc3 Bg7 4. e4 d6 5. d4 O-O 6. h3 e5 7. d5 Nh5 8. g3 Na6 9. Be3 Nc5 10. Nd2 a5 11. Be2 Nf6 12. g4 Ne8 13. h4 f5 14. g5 f4 15. Bxc5 dxc5 16. Bg4 Nd6 17. Bxc8 Qxc8 18. Qf3 a4 19. Qh3 Qe8 20. h5 Rb8 21. Rc1 c6 22. Rc2 Qe7 23. hxg6 hxg6 24. Qh7+ Kf7 25. Qh3 Rh8 26. Qg2 Rxh1+ 27. Qxh1 Qxg5 28. Qh3 Qe7 29. Nf3 Rh8 30. Qg4 Bf6 31. Ke2 Rh1 32. b3 a3 33. Rd2 Rc1 34. dxc6 bxc6 35. Na4 Qe6 36. Qxe6+ Kxe6 37. Nxc5+ Ke7 38. Rd1 Rc2+ 39. Rd2 Rc1 40. Rd1 Rc2+ 41. Rd2 Rc1 42. Rd1 Rc2+ 43. Rd2 Rc1 44. Nh2 Bg5 45. Kf3 Rh1 46. Ng4 Rh3+ 47. Kg2 Rh4 48. Kf3 Rh3+ 49. Kg2 Rh4 50. Nxe5 Rh5 51. Nf3 Bf6 52. e5 Bxe5 53. Re2 Nf7 54. Nd3 Kf6 55. Nfxe5 Nxe5 56. Nxf4 Rg5+ 57. Kf1 Kf5 58. Nh3 Rh5 59. Kg2 Nd3 60. Re3 Nb4 61. f4 Nxa2 62. b4 Nxb4 63. Rxa3 Kf6 64. Kg3 Rc5 65. Ng5 Ke7 66. Re3+ Kd7 67. Kg4 Rxc4 68. Nf3 

0-1

[Event "Elite Mind Games"]
[Site "?"]
[Date "2016.02.29"]
[Round "?"]
[White "Wang, Yue"]
[Black "Sargissian, Gabriel"]
[WhiteElo "2718"]
[BlackElo "2702"]
[Result "1/2-1/2"]

1. Nf3 d5 2. g3 c6 3. Bg2 Bg4 4. c4 e6 5. Qb3 Qb6 6. d3 Nd7 7. Be3 Qxb3 8. axb3 a6 9. O-O Ngf6 10. Rc1 Be7 11. h3 Bxf3 12. Bxf3 O-O 13. Bg2 Bc5 14. d4 Be7 15. Nd2 Ne8 16. f4 Nd6 17. c5 Nb5 18. b4 f5 19. Bf2 Nf6 20. e3 h5 21. Bf1 Ne4 22. Nxe4 dxe4 23. g4 hxg4 24. hxg4 g6 25. Bc4 Kf7 26. Kg2 Nc7 27. Rh1 Rh8 28. g5 Rxh1 29. Rxh1 Kg7 30. Ra1 Kf7 31. Be1 Bf8 32. Bd2 Bg7 33. Bc3 Rc8 34. Bd2 Nd5 35. Ra3 Nc7 36. Ra1 Nd5 37. Rh1 Rh8 38. Ra1 Rc8 39. Rh1 Rh8 40. Ra1 Rc8 

1/2-1/2

[Event "Elite Mind Games"]
[Site "?"]
[Date "2016.02.29"]
[Round "?"]
[White "Navara, David"]
[Black "Wang, Yue"]
[WhiteElo "2734"]
[BlackElo "2718"]
[Result "1-0"]

1. Nf3 Nf6 2. c4 e6 3. g3 b6 4. Bg2 Bb7 5. d4 Bb4+ 6. Bd2 a5 7. O-O O-O 8. Bf4 Be7 9. Nc3 Ne4 10. Nb5 Na6 11. Re1 c6 12. Nc3 Nxc3 13. bxc3 d5 14. Rb1 Nb8 15. Ne5 f6 16. Nd3 dxc4 17. Nb2 Ba6 18. e4 b5 19. Bh3 Bc8 20. Nxc4 e5 21. Bxc8 Qxc8 22. Nb6 Qb7 23. Qb3+ Kh8 24. Nxa8 exf4 25. Qe6 fxg3 26. hxg3 Bd8 27. Qd6 Rg8 28. a4 Qxa8 29. axb5 a4 30. b6 Qb7 31. c4 Be7 32. Qc7 Qxc7 33. bxc7 Nd7 34. Rb7 Rc8 35. Ra1 a3 36. c5 Kg8 37. Rxa3 f5 38. exf5 Bf6 39. Rab3 Kf7 40. Ra7 Ke7 41. Re3+ Kf7 42. Re4 Be7 43. Re6 Bf6 44. Rxc6 Bxd4 45. Rd6 

1-0

[Event "Elite Mind Games"]
[Site "?"]
[Date "2016.02.29"]
[Round "?"]
[White "Wang, Yue"]
[Black "Dominguez Perez, Leinier"]
[WhiteElo "2718"]
[BlackElo "2732"]
[Result "0-1"]

1. Nf3 c5 2. e4 d6 3. d4 cxd4 4. Nxd4 Nf6 5. Nc3 a6 6. Be2 e5 7. Nb3 Be7 8. O-O O-O 9. Qd3 Be6 10. Bd2 Nbd7 11. Nd5 Bxd5 12. exd5 Ne8 13. Bg4 Nef6 14. Be2 Ne8 15. Bg4 Nef6 16. Bh3 Re8 17. c4 Bf8 18. Na5 Qc7 19. b4 e4 20. Qd4 Ne5 21. Bg5 Be7 22. Rad1 b6 23. Nc6 Nxc6 24. dxc6 Qxc6 25. Bf5 h6 26. Bh4 b5 27. Rc1 bxc4 28. Rxc4 Qb5 29. Bh3 d5 30. Rc7 Bd8 31. Rc5 Qa4 32. Rfc1 Qxa2 33. g3 g5 34. Bxg5 hxg5 35. Bf5 Qe2 36. Rc6 e3 37. Rf1 exf2+ 38. Rxf2 Qe5 39. Qd2 Qe1+ 40. Qxe1 Rxe1+ 41. Kg2 Ne4 42. Rfc2 Be7 43. Rc7 Bxb4 44. Rd7 Nf6 45. Rb7 a5 46. Rcc7 Rf8 47. Rc6 Kg7 48. Rcc7 Re2+ 49. Kf3 Re5 50. Bd3 g4+ 51. Kg2 Bd6 52. Rc6 Rd8 53. Ra6 Rb8 

0-1

[Event "Elite Mind Games"]
[Site "?"]
[Date "2016.02.29"]
[Round "?"]
[White "Wang, Yue"]
[Black "Tomashevsky, Evgeny"]
[WhiteElo "2718"]
[BlackElo "2728"]
[Result "1/2-1/2"]

1. Nf3 Nf6 2. c4 b6 3. Nc3 Bb7 4. d4 e6 5. a3 d5 6. cxd5 Nxd5 7. e3 g6 8. Bb5+ c6 9. Bd3 Bg7 10. O-O Nxc3 11. bxc3 O-O 12. a4 c5 13. a5 Nd7 14. Ba3 Qc7 15. Rb1 e5 16. Bb5 Rfd8 17. Qe2 Be4 18. Rbd1 exd4 19. cxd4 cxd4 20. Nxd4 bxa5 21. Rc1 Qb6 22. Be7 Re8 23. Bh4 Qb7 24. Rfd1 a6 25. Ba4 Rec8 26. Rxc8+ Rxc8 27. f3 Nc5 28. Bc2 Bxc2 29. Qxc2 Nd7 30. Qa2 Ne5 31. Rb1 Qd7 32. Bf2 Nd3 33. Rd1 Nxf2 34. Kxf2 a4 35. Rd2 h5 36. Ne2 Qb5 37. Nf4 Qc6 38. Nd5 Re8 39. Rc2 Qd6 40. Qxa4 Rd8 41. e4 Qxh2 42. Rd2 Qh4+ 43. Ke2 Qg5 44. Kd1 Kh8 45. Qxa6 Qh4 46. Ke2 Qg3 47. Kf1 Qg5 48. Rd1 Rf8 49. Qd6 Qe5 50. Qxe5 Bxe5 

1/2-1/2

[Event "Elite Mind Games"]
[Site "?"]
[Date "2016.02.29"]
[Round "?"]
[White "Wang, Yue"]
[Black "Li, Chao B"]
[WhiteElo "2718"]
[BlackElo "2751"]
[Result "1/2-1/2"]

1. d4 Nf6 2. Nf3 g6 3. Bf4 Bg7 4. h3 c5 5. c3 O-O 6. e3 cxd4 7. cxd4 d6 8. Nc3 Nc6 9. Be2 Qb6 10. Qd2 Bf5 11. O-O Ne4 12. Nxe4 Bxe4 13. Bg3 h6 14. Rac1 e5 15. Rfd1 Rfd8 16. b3 a5 17. Qe1 Bxf3 18. Bxf3 exd4 19. Bxc6 bxc6 20. exd4 Bxd4 21. Qe4 c5 22. Re1 d5 23. Qh4 Bg7 24. Rc2 d4 25. Qe4 d3 26. Rc4 d2 27. Rd1 Ra7 28. Qc2 Rad7 29. Bf4 Qe6 30. Be3 Bd4 31. Rxd2 Bxe3 32. Rxd7 Rxd7 33. fxe3 Qxe3+ 34. Kh2 Rd2 35. Qe4 Qf2 36. Rc1 h5 37. a4 h4 38. Qe8+ Kh7 39. Qe4 Rd4 40. Qe1 Qf4+ 41. Kh1 Re4 42. Qg1 Re3 43. Rxc5 Qe4 44. Kh2 Qf4+ 45. Kh1 Qe4 46. Kh2 Qd4 47. Rc1 Qe5+ 48. Kh1 Rxb3 49. Qf2 Qe7 50. Rf1 f5 51. Qd4 Rb4 52. Qd1 Qb7 53. Qe1 Rxa4 54. Qe8 Re4 55. Qd8 a4 56. Rd1 Re7 57. Rd4 g5 58. Rxa4 f4 59. Qd3+ Kg7 60. Qd4+ Kf7 61. Rb4 Qc6 62. Kh2 f3 63. Qc4+ Qxc4 64. Rxc4 Re2 65. Rc3 Rxg2+ 66. Kh1 Rg3 67. Kh2 f2 68. Rc1 Kg6 69. Rf1 Rf3 70. Kg2 Rg3+ 71. Kh2 Rf3 72. Kg2 Rf4 73. Rxf2 Kf5 74. Ra2 Re4 75. Rf2+ Ke5 76. Ra2 Re3 77. Ra5+ Kf4 78. Ra4+ Kf5 79. Ra5+ Kg6 80. Ra6+ Kf5 81. Ra5+ Kf4 82. Ra4+ Re4 83. Ra2 Rd4 84. Rf2+ Ke3 85. Rf5 Rd2+ 86. Kg1 Ra2 87. Rxg5 Kf3 88. Rg4 

1/2-1/2

[Event "Elite Mind Games"]
[Site "?"]
[Date "2016.02.29"]
[Round "?"]
[White "Ivanchuk, Vassily"]
[Black "Wang, Yue"]
[WhiteElo "2710"]
[BlackElo "2718"]
[Result "0-1"]

1. c4 Nf6 2. Nc3 e6 3. e4 d5 4. e5 d4 5. exf6 dxc3 6. bxc3 Qxf6 7. Nf3 b6 8. d4 Bb7 9. Bd3 h6 10. Qe2 Nd7 11. Be4 Bxe4 12. Qxe4 Rb8 13. a4 Bd6 14. a5 O-O 15. O-O Qd8 16. Rd1 Nf6 17. Qe2 Qe7 18. Ne5 Bxe5 19. dxe5 Nd7 20. Ba3 Nc5 21. Qe3 Rfd8 22. Rd4 Qg5 23. Bxc5 bxc5 24. Rxd8+ Rxd8 25. Qxc5 Qd2 26. Rf1 Qxc3 27. Qxc7 Rd4 28. Qb8+ Kh7 29. Qxa7 Rxc4 30. Qxf7 Qxe5 31. a6 Ra4 32. Qb7 Qa5 33. Qb1+ Kg8 34. Rd1 Qxa6 35. g3 Qc8 36. Rd6 Ra6 37. Rd4 Qa8 38. Rd1 Qe8 39. Qe4 Ra4 40. Qe5 Ra8 41. Rd6 Kf7 42. Rb6 Rd8 43. h4 Qe7 44. Qe4 Rd5 45. h5 Rd8 46. Qg6+ Kg8 47. Rxe6 Qf7 48. Qg4 Rf8 49. Re2 Qf5 50. Qc4+ Kh8 51. g4 Qf3 52. Qe4 Qh3 53. Rd2 Qh4 54. Kg2 Qg5 55. Rc2 Qh4 56. f3 Rd8 57. Re2 Qf6 58. Qe3 Rf8 59. Kg3 Qd6+ 60. Kg2 Qf6 61. Rc2 Qd6 62. Rb2 Qf6 63. Ra2 Qf7 64. Qe2 Qf4 65. Rc2 Rd8 66. Qf2 Kh7 67. Re2 Kh8 68. Re4 Qf6 69. Qe2 Qf7 70. Re7 Qf8 71. Qe4 Rd2+ 72. Kh3 Rd8 73. f4 Rb8 74. Kg3 Rb3+ 75. Kg2 Rb2+ 76. Kf1 Rb8 77. Re5 Qc8 78. Rd5 Qc1+ 79. Ke2 Rb2+ 80. Kf3 Qh1+ 81. Ke3 Re2+ 82. Kd4 

0-1

[Event "Elite Mind Games"]
[Site "?"]
[Date "2016.02.29"]
[Round "?"]
[White "Wang, Yue"]
[Black "Mamedov, Rauf"]
[WhiteElo "2718"]
[BlackElo "2650"]
[Result "0-1"]

1. d4 g6 2. c4 Bg7 3. Nc3 c5 4. d5 e5 5. e4 d6 6. Be2 Ne7 7. h4 h5 8. Bg5 Nd7 9. Nh3 Nf6 10. f3 a6 11. Nf2 Bd7 12. a4 Nh7 13. Be3 f5 14. g3 O-O 15. Qd2 Qa5 16. Ncd1 Qd8 17. a5 Rb8 18. Rg1 b5 19. axb6 Rxb6 20. Qc2 Kh8 21. Bc1 Qb8 22. Nc3 Qd8 23. Ra3 Ng8 24. Rh1 Bf6 25. Kd1 Bg7 26. Bd2 Ne7 27. Kc1 fxe4 28. Ncxe4 Nf5 29. Ba5 Nd4 30. Qd1 Bf5 31. Rd3 Qb8 32. Bxb6 Qxb6 33. Rxd4 exd4 34. Bd3 a5 35. Kb1 Rb8 36. Qc2 a4 37. Ka2 Rf8 38. g4 Bxe4 39. Bxe4 hxg4 40. Nxg4 d3 41. Bxd3 Rxf3 42. Rd1 Nf8 43. Rd2 Nd7 44. Nf2 Ne5 45. Be2 

0-1

[Event "Elite Mind Games"]
[Site "?"]
[Date "2016.02.29"]
[Round "?"]
[White "Ponomariov, Ruslan"]
[Black "Wang, Yue"]
[WhiteElo "2712"]
[BlackElo "2718"]
[Result "1-0"]

1. e4 e5 2. Nc3 Nf6 3. f4 d5 4. exd5 exf4 5. Bc4 c6 6. d4 Nxd5 7. Bxd5 cxd5 8. Bxf4 Nc6 9. Nf3 Bb4 10. O-O Bxc3 11. bxc3 O-O 12. Qd3 h6 13. Rae1 Be6 14. Bxh6 gxh6 15. Rxe6 fxe6 16. Qg6+ Kh8 17. Qxh6+ Kg8 18. Qg6+ Kh8 19. Ng5 Rxf1+ 20. Kxf1 Qf8+ 21. Nf7+ 

1-0

[Event "IMSA Blitz"]
[Site "?"]
[Date "2016.03.01"]
[Round "?"]
[White "Wang, Yue"]
[Black "Movsesian, Sergei"]
[WhiteElo "2718"]
[BlackElo "2653"]
[Result "1-0"]

1. d4 Nf6 2. Nf3 d6 3. c4 Nbd7 4. Nc3 e5 5. e4 c6 6. Be2 g6 7. h3 Bg7 8. Be3 O-O 9. d5 Qe7 10. Nd2 a6 11. a4 a5 12. g4 Nc5 13. h4 Bd7 14. h5 Ne8 15. g5 f5 16. h6 Bh8 17. Rg1 Na6 18. f3 Nec7 19. Nb3 Nb4 20. c5 cxd5 21. cxd6 Qxd6 22. Bc5 Qe6 23. Nxd5 Ncxd5 24. exd5 Qf7 25. Bxf8 Rxf8 26. Rc1 e4 27. Nc5 Bxb2 28. d6 Bxc1 29. Qxc1 Nd3+ 30. Nxd3 exd3 31. Bxd3 Re8+ 32. Kf2 Rc8 33. Qe3 Qa2+ 34. Kg3 Qd5 35. Qe7 f4+ 36. Kh4 Qd4 37. Rg2 Bxa4 38. Bb1 Bb3 39. d7 Rf8 40. Re2 Bf7 41. Ba2 Bxa2 42. Rxa2 a4 43. Re2 Qa1 44. Qe6+ Kh8 45. Qe5+ Qxe5 46. Rxe5 Kg8 47. Re8 

1-0

[Event "IMSA Blitz"]
[Site "?"]
[Date "2016.03.01"]
[Round "?"]
[White "Wojtaszek, Radoslaw"]
[Black "Wang, Yue"]
[WhiteElo "2727"]
[BlackElo "2718"]
[Result "0-1"]

1. d4 d5 2. c4 c6 3. Nf3 Nf6 4. e3 Bf5 5. Nc3 e6 6. Nh4 Bg6 7. Nxg6 hxg6 8. Bd2 Nbd7 9. Qc2 Bd6 10. O-O-O Rc8 11. Kb1 dxc4 12. Bxc4 b5 13. Be2 a6 14. e4 c5 15. dxc5 Bxc5 16. f4 Be7 17. e5 Nd5 18. Qe4 Nc5 19. Qf3 Nxc3+ 20. Bxc3 Qb6 21. Bd4 Qb7 22. Qxb7 Nxb7 23. Bf3 Na5 24. b3 O-O 25. Bb6 Nc6 26. Rd7 Ba3 27. Rhd1 Nb4 28. Rc7 Rxc7 29. Bxc7 Rc8 30. Bd6 a5 31. Be4 Rc3 32. h4 Re3 33. Bf3 Rc3 34. Be2 Rc2 35. Bxb4 Rb2+ 36. Ka1 axb4 37. Bxb5 Rxg2 38. Kb1 Rb2+ 39. Ka1 Rf2 40. Kb1 Rxf4 41. Rd8+ Kh7 42. Rd7 Rf2 43. Rd1 Rb2+ 44. Ka1 Rh2 45. Kb1 Rxh4 46. Kc2 Re4 47. Be8 f5 48. Bf7 Kh6 49. Rg1 g5 50. Bxe6 Rxe5 51. Bf7 g4 52. Kd3 Kg5 53. Rg2 f4 54. Kd4 Re7 55. Bd5 Kf5 56. Rg1 f3 

0-1

[Event "IMSA Blitz"]
[Site "?"]
[Date "2016.03.01"]
[Round "?"]
[White "Wang, Yue"]
[Black "Harikrishna, Pentala"]
[WhiteElo "2718"]
[BlackElo "2753"]
[Result "1-0"]

1. d4 Nf6 2. c4 e6 3. Nf3 d5 4. g3 Bb4+ 5. Bd2 Be7 6. Bg2 O-O 7. O-O Nbd7 8. Qc2 c6 9. Rd1 b6 10. Bf4 Bb7 11. Nc3 dxc4 12. Nd2 Nd5 13. Nxc4 Nxf4 14. gxf4 Qc7 15. e3 c5 16. d5 exd5 17. Nxd5 Bxd5 18. Rxd5 Rad8 19. Rad1 b5 20. Na5 Qxa5 21. Rxd7 Rxd7 22. Rxd7 Bf6 23. b3 Rd8 24. Rxd8+ Qxd8 25. Bf1 Qd7 26. h3 Be7 27. Qe4 g6 28. Kg2 Bf6 29. a4 bxa4 30. bxa4 Kg7 31. a5 Qe6 32. Qc2 Qc6+ 33. Kg1 a6 34. Bc4 Qc7 35. Qd2 Qd8 36. Qa2 Qd7 37. Bxa6 Qxh3 38. Be2 Qd7 39. a6 Qa7 40. Bc4 h5 41. Qd2 Be7 42. Qd5 Bf8 43. Kg2 h4 44. f5 gxf5 45. Qxf5 Qb6 46. Qg5+ Kh7 47. Qxh4+ Bh6 48. Qe4+ Kg7 49. Qd5 Qg6+ 50. Kf3 Qf6+ 51. Ke2 Qb2+ 52. Qd2 Qb6 53. Qc3+ Kg8 54. Qb3 Qa5 55. Qb8+ 

1-0

[Event "IMSA Blitz"]
[Site "?"]
[Date "2016.03.01"]
[Round "?"]
[White "Fressinet, Laurent"]
[Black "Wang, Yue"]
[WhiteElo "2700"]
[BlackElo "2718"]
[Result "0-1"]

1. Nf3 Nf6 2. g3 g6 3. Bg2 Bg7 4. O-O d5 5. c4 c6 6. b3 Ne4 7. d4 O-O 8. Bb2 Bf5 9. e3 Nd7 10. Qe2 a5 11. Nc3 Nxc3 12. Bxc3 Be4 13. Rfd1 e6 14. Bf1 Bxf3 15. Qxf3 Re8 16. cxd5 exd5 17. b4 axb4 18. Bxb4 Bf8 19. Be1 Nf6 20. a4 Ne4 21. a5 Bd6 22. Rab1 Ra7 23. Rdc1 Qd7 24. Qe2 Bc7 25. a6 bxa6 26. Qc2 Re6 27. Qa4 a5 28. Rc2 Rf6 29. Rbc1 Rb7 30. Bg2 Kg7 31. h4 h5 32. Rxc6 Rb2 33. Bxe4 dxe4 34. d5 Bxg3 35. R1c2 Rxc2 36. Qxc2 Be5 37. Rxf6 Bxf6 38. Qc6 Qg4+ 39. Kf1 Qd1 40. d6 a4 41. d7 a3 42. Kg2 a2 43. Bc3 Bxc3 44. Qxc3+ Kh7 45. Qb2 Qxd7 46. Qxa2 Qf5 47. Qc4 Kg7 48. Qd4+ Kh7 49. Qc4 g5 50. hxg5 Qxg5+ 51. Kf1 Qf5 52. Kg2 h4 53. Qc7 Kg6 54. Qd6+ Kh5 55. Qf8 h3+ 56. Kg1 Qg4+ 57. Kf1 Qd1# 

0-1

[Event "IMSA Blitz"]
[Site "?"]
[Date "2016.03.01"]
[Round "?"]
[White "Sargissian, Gabriel"]
[Black "Wang, Yue"]
[WhiteElo "2702"]
[BlackElo "2718"]
[Result "0-1"]

1. d4 d5 2. c4 c6 3. Nc3 Nf6 4. e3 Bf5 5. Nf3 e6 6. Nh4 Bg6 7. Nxg6 hxg6 8. g3 Nbd7 9. Qb3 Qb6 10. Bg2 g5 11. cxd5 Qxb3 12. axb3 exd5 13. O-O Nb6 14. e4 Nxe4 15. Nxe4 dxe4 16. Bxe4 f6 17. Bg6+ Kd7 18. Bd2 Bd6 19. Rfe1 Nd5 20. Bf7 a6 21. Ba5 Bb4 22. Bxb4 Nxb4 23. Re2 Rhf8 24. Bg6 Nd5 25. Rae1 Rad8 26. Kg2 Kc7 27. Bh5 Kb6 28. Bf3 Rf7 29. Re8 Rfd7 30. Kh3 Rxe8 31. Rxe8 Nc7 32. Rg8 Nb5 33. d5 cxd5 34. Kg4 d4 35. Kh5 d3 36. Kg6 Nd4 37. Bg4 f5 38. Bd1 Re7 39. Rd8 Kc5 40. Kxg5 Ne6+ 

0-1

[Event "IMSA Blitz"]
[Site "?"]
[Date "2016.03.01"]
[Round "?"]
[White "Wang, Yue"]
[Black "Navara, David"]
[WhiteElo "2718"]
[BlackElo "2734"]
[Result "0-1"]

1. d4 Nf6 2. c4 e6 3. Nf3 b6 4. Nc3 Bb7 5. a3 d5 6. cxd5 Nxd5 7. e3 g6 8. h4 Bg7 9. h5 Nxc3 10. bxc3 c5 11. Bb5+ Bc6 12. a4 Qd7 13. Qe2 O-O 14. hxg6 hxg6 15. e4 cxd4 16. cxd4 a6 17. Bd3 Bxa4 18. Qe3 Bb5 19. Bxb5 Qxb5 20. Qf4 Rc8 21. Qh4 Rxc1+ 22. Rxc1 Nc6 23. Qg5 Nxd4 24. Qxb5 Nxb5 25. Rc6 Nc3 26. e5 Nd5 27. Kd2 Bf8 28. Ng5 Rd8 29. Ke2 Nf4+ 30. Kf3 Nd3 31. Kg3 Bc5 32. Ne4 Nxe5 33. Rc7 Bd4 34. Nf6+ Kg7 35. Rh7+ Kxf6 

0-1

[Event "IMSA Blitz"]
[Site "?"]
[Date "2016.03.01"]
[Round "?"]
[White "Dominguez Perez, Leinier"]
[Black "Wang, Yue"]
[WhiteElo "2732"]
[BlackElo "2718"]
[Result "1-0"]

1. e4 e5 2. Nf3 Nf6 3. Nxe5 d6 4. Nf3 Nxe4 5. Nc3 Nxc3 6. dxc3 Be7 7. Be3 Nc6 8. Qd2 Ne5 9. O-O-O Nxf3 10. gxf3 Bf6 11. Bd3 c6 12. Kb1 Be6 13. c4 O-O 14. h4 d5 15. c5 d4 16. Bg5 Qd5 17. b3 Bd8 18. Rdg1 Kh8 19. Qf4 f5 20. Re1 Qd7 21. Bxd8 Raxd8 22. Re5 Rf6 23. Rhe1 Rdf8 24. a4 h6 25. Kb2 a5 26. Qd2 Ra8 27. Qe2 Bf7 28. Re7 Qd8 29. Qe5 Bg8 30. Rg1 Qf8 31. Rxb7 Re8 32. Qxd4 Rd8 33. Qc3 Bd5 34. Rgxg7 Qxg7 35. Rxg7 Kxg7 36. Qxa5 Re8 37. Qc7+ Rf7 38. Qf4 Re6 39. a5 Ref6 40. a6 Re6 41. Qg3+ Rg6 42. Qb8 

1-0

[Event "IMSA Basque"]
[Site "?"]
[Date "2016.03.02"]
[Round "?"]
[White "Wojtaszek, Radoslaw"]
[Black "Wang, Yue"]
[WhiteElo "2727"]
[BlackElo "2718"]
[Result "1-0"]

1. d4 Nf6 2. c4 e6 3. Nf3 b6 4. g3 Bb7 5. Bg2 Bb4+ 6. Bd2 a5 7. O-O O-O 8. Bf4 Be7 9. Nc3 Ne4 10. Nb5 d6 11. Nd2 f5 12. Nxe4 fxe4 13. Qc2 Qd7 14. Bxe4 Bxe4 15. Qxe4 Na6 16. Nc3 Bf6 17. Rad1 Rae8 18. a3 Qf7 19. Qd3 e5 20. dxe5 Nc5 21. Qd5 Bxe5 22. Bxe5 Rxe5 23. Qxf7+ Rxf7 24. e3 g5 25. h3 Kg7 26. Kg2 h5 27. Rd4 Nb3 28. Rd5 Kg6 29. Rxe5 dxe5 30. Rd1 g4 31. hxg4 hxg4 32. Rd8 Nc5 33. b4 axb4 34. axb4 Na6 35. Nd5 Kf5 36. Ra8 c6 37. Rxa6 cxd5 38. cxd5 Rf6 39. Ra8 Rd6 40. Rf8+ Ke4 41. Rg8 Kf5 42. f3 gxf3+ 43. Kxf3 e4+ 44. Ke2 Rh6 45. g4+ Ke5 46. Rg5+ Kd6 47. Kd2 Rh1 48. Kc3 Rd1 49. Kc4 b5+ 50. Kxb5 Rd3 51. Kc4 Rxe3 52. Kd4 Rb3 53. Rg6+ Ke7 54. Re6+ 

1-0

[Event "IMSA Basque"]
[Site "?"]
[Date "2016.03.02"]
[Round "?"]
[White "Wang, Yue"]
[Black "Wojtaszek, Radoslaw"]
[WhiteElo "2718"]
[BlackElo "2727"]
[Result "1/2-1/2"]

1. d4 Nf6 2. c4 e6 3. Nf3 d5 4. Nc3 dxc4 5. e4 Bb4 6. Bxc4 Nxe4 7. O-O Nxc3 8. bxc3 Be7 9. Ne5 O-O 10. Qg4 Nc6 11. Bf4 Nxe5 12. dxe5 f5 13. exf6 Bxf6 14. Bxe6+ Bxe6 15. Qxe6+ Rf7 16. Rad1 Qe8 17. Qc4 Qc6 18. Qxc6 bxc6 19. c4 Rb8 20. Rb1 Rb6 21. Be3 Ra6 22. Rb7 Rxa2 23. Rxa7 Rxa7 24. Bxa7 Rd7 25. Be3 Bd4 26. Rd1 c5 27. Kf1 Kf7 28. Ke2 Ke6 29. Kf3 Rf7+ 30. Ke4 Bxe3 31. Kxe3 c6 32. f4 Ra7 33. Ke4 g6 34. g4 Ra2 35. f5+ gxf5+ 36. gxf5+ Ke7 37. h4 Rh2 38. Ke5 Rxh4 39. f6+ Ke8 40. Ra1 Rxc4 41. Ra8+ Kf7 42. Ra7+ Kf8 43. Ra8+ Kf7 44. Ra7+ Kf8 45. Rxh7 Rc1 46. Rc7 Re1+ 47. Kd6 Rf1 48. Ke6 Re1+ 49. Kd6 Rf1 50. Ke6 Re1+ 51. Kf5 Rf1+ 52. Kg6 Rg1+ 53. Kf5 Rf1+ 54. Ke6 Re1+ 55. Kd6 Rf1 56. Rxc6 Rxf6+ 57. Kxc5 Rxc6+ 58. Kxc6 

1/2-1/2

[Event "IMSA Basque"]
[Site "?"]
[Date "2016.03.02"]
[Round "?"]
[White "Wang, Yue"]
[Black "Ivanchuk, Vassily"]
[WhiteElo "2718"]
[BlackElo "2710"]
[Result "1/2-1/2"]

1. d4 Nf6 2. c4 e6 3. Nf3 b6 4. Nc3 Bb4 5. e3 Bb7 6. Bd3 Bxc3+ 7. bxc3 d6 8. O-O c5 9. Re1 Nc6 10. e4 e5 11. d5 Ne7 12. a4 Bc8 13. a5 bxa5 14. Qa4+ Nd7 15. Nd2 O-O 16. Qxa5 Qxa5 17. Rxa5 a6 18. Nb3 Rb8 19. Ra3 Rb6 20. Be3 f5 21. f3 f4 22. Bf2 Kf7 23. Rb1 Ke8 24. Raa1 Kd8 25. Na5 Rxb1+ 26. Rxb1 Kc7 27. Bc2 g5 28. Kf1 Rg8 29. g4 fxg3 30. hxg3 h5 31. Ke2 g4 32. fxg4 Rxg4 33. Nb3 Ng8 34. Nd2 Ndf6 35. Kd3 Rg6 36. Rh1 Nh6 37. Bd1 Nhg4 38. Be1 Bd7 39. Rf1 Kd8 40. Nf3 Rg8 41. Bd2 Kc7 42. Bg5 a5 43. Bh4 Nh7 44. Nd2 Rf8 45. Rxf8 Nxf8 46. Ke2 Nh7 47. Nb1 Ngf6 48. Ke3 Bg4 49. Ba4 Bd7 50. Bd1 a4 51. Na3 Kb6 52. Kd3 Ka5 53. Ke3 Be8 54. Kd3 Kb6 55. Ke3 Kc7 56. Kd3 Bg6 57. Nb5+ Kd7 58. Bxa4 Bxe4+ 59. Ke3 Bg6 60. Na7+ Kd8 61. Bc6 Bf5 62. Ba4 Bd7 63. Nb5 Ke7 64. Bc2 Bxb5 65. cxb5 Kd7 66. Bf5+ Kc7 67. c4 Ng4+ 68. Bxg4 hxg4 69. Ke4 Nf8 70. Bg5 Nd7 71. Bd2 Kb7 72. Ba5 Kc8 73. Kf5 e4 74. Kxg4 Ne5+ 75. Kf4 Nxc4 76. Be1 Na3 77. b6 Nc4 78. g4 Nxb6 79. Kxe4 Kd7 80. g5 Ke7 81. Bg3 Nc4 82. Kf5 Ne3+ 83. Ke4 Nc4 84. Kf5 Ne3+ 85. Ke4 

1/2-1/2